Dislexia en el desarrollo psíquico : su psicodinámica /
Estudio de la dislexia y sus fundamentos: la organización de la mente, el esquema corporal y el desarrollo de las funciones psíquicas desde el nacimiento.
Збережено в:
| Автор: | |
|---|---|
| Формат: | Книга |
| Мова: | Іспанська |
| Опубліковано: |
Barcelona, España :
Paidós,
2002, c2002
|
| Серія: | (Psicología, Psiquiatría, Psicoterapia ;
207) |
| Предмети: | |
| Теги: |
Немає тегів, Будьте першим, хто поставить тег для цього запису!
|
MARC
| LEADER | 00000nam^a2200000^a^4500 | ||
|---|---|---|---|
| 001 | 000136280 | ||
| 005 | 20250521000000.0 | ||
| 009 | 20260310095312.019 | ||
| 020 | |a 84-493-1195-0 | ||
| 037 | |a Acervo ITESO - Biblioteca | ||
| 041 | |a ESP | ||
| 082 | |a 616. 928553 |b TOR | ||
| 100 | |a Torras de Beà, Eulàlia |e (autor) | ||
| 245 | 1 | 0 | |a Dislexia en el desarrollo psíquico : |b su psicodinámica / |c E. Toras de Beà. |
| 264 | 4 | |a Barcelona, España : |b Paidós, |c 2002, c2002 | |
| 300 | |a 135 p. | ||
| 336 | |a texto |b txt |2 rdacontenido | ||
| 337 | |a sin mediación |b n |2 rdamedio | ||
| 338 | |a volumen |b nc |2 rdasoporte | ||
| 440 | 1 | |a (Psicología, Psiquiatría, Psicoterapia ; |v 207) | |
| 520 | |a Estudio de la dislexia y sus fundamentos: la organización de la mente, el esquema corporal y el desarrollo de las funciones psíquicas desde el nacimiento. | ||
| 649 | |a XX | ||
| 650 | |a Dislexia | ||
| 650 | |a Niños - |x Condiciones Psicológicas | ||
| 650 | |a Niños - |x Condiciones Sociales y Culturales | ||
| 650 | |a Problemas de Aprendizaje | ||
| 650 | |a Aprendizaje | ||
| 650 | |a Terapéutica | ||
| 650 | |a Psicología Educativa | ||
| 650 | |a Psicología Clínica | ||
| 650 | |a Ciencias Médicas | ||
| 910 | |a Fondo General | ||
| 920 | |a Impresos - Libros | ||
| 930 | |a Colección General | ||
| 905 | |a 101 | ||
| 901 | |a 0500064957 |b IT1 |c ACC |u 20250521 | ||
| 902 | |a https://opac.biblio.iteso.mx/vufind/Record/000136280 | ||